000 00651nam a22001815i 4500
001 167172
003 ES-MaACL
005 20230906213454.0
008 960313m18591860sp |||| | spa d
040 _aCLM
_bspa
_cCLM
100 1 _aVentosa, Evaristo.
_9133615
245 1 0 _aHistoría de la guerra de Africa /
_cPor Evaristo Ventosa.
260 _aBarcelona :
_bLibreria de Salvador Manero,
_c1859-1860 (
_fImp. El porvenir)
300 _a2 v. (1145, 4, [2] p., [27] h. de grab.) :
_bil. ;
_c22 cm.
594 1 _aDelante del tit.: "Españoles y Marroquies"
597 1 _aAntep.
852 _aES-MaACL
_jG-4995
_z-- Enc. hol.
_z-- Enc. 2 t. en 1 v.
999 _c167172
_d167172